01022cam a22002534a 450000100090000000300040000900500170001300800410003001000170007102000150008804000180010304200080012105000230012910000300015224500950018226000880027730000410036550001080040650400540051460000600056870000290062871000360065785600750069313360924OSt20170208144106.0031002s2001 nyua bc 000 0 eng  a 2003278094 a0816640122 aDLCcDLCdDLC apcc00aNC266.E57bA4 20011 aEnsor, James,d1860-1949.10aBetween street and mirror :bthe drawings of James Ensor /cedited by Catherine de Zegher. aNew York :bDrawing Center ;aMinneapolis :bUniversity of Minnesota Press,cc2001. a256 p. :bill. (some col.) ;c27 cm. aPublished on the occasion of an exhibition held at the Drawing Center, New York, Apr. 27-July 21, 2001. aIncludes bibliographical references (p. 239-246).10aEnsor, James,d1860-1949xThemes, motivesvExhibitions.1 aZegher, M. Catherine de.2 aDrawing Center (New York, N.Y.)413Table of contentsuhttp://www.loc.gov/catdir/toc/fy042/2003278094.html